[Event "Lleida-ch B"]
[Site "La Guardia"]
[Date "2015.11.15"]
[Round "7.7"]
[White "Lopez Morato, Jeronimo"]
[Black "Aloy Piulats, Ramon"]
[Result "1-0"]
[WhiteElo "1716"]
[BlackElo "1876"]
[PlyCount "41"]
[EventDate "2015.09.27"]
[EventType "swiss"]
[EventRounds "9"]
[EventCountry "ESP"]
[SourceTitle "EXT 2024"]
[Source "ChessBase"]
[SourceDate "2023.10.10"]
[SourceVersion "1"]
[SourceVersionDate "2023.10.10"]
[SourceQuality "1"]

1. d4 d5 2. e3 Nf6 3. Nf3 Bg4 4. Bd3 Ne4 5. h3 Bh5 6. g4 Bg6 7. Ne5 e6 8. Qf3 Ng5 9. Qe2 Ne4 10. Nxg6 hxg6 11. Bxe4 dxe4 12. Qb5+ Qd7 13. Qxb7 Qc6 14. Qc8+ Ke7 15. b3 Kf6 16. Qd8+ Be7 17. Qxh8 Nd7 18. g5+ Kxg5 19. Qxg7 Rf8 20. f4+ exf3 21. e4+ 1-0

[Event "Lleida-ch B"]
[Site "La Guardia"]
[Date "2015.11.08"]
[Round "6.7"]
[White "Ripoll Galvez, Guerau"]
[Black "Lopez Morato, Jeronimo"]
[Result "1/2-1/2"]
[WhiteElo "1866"]
[BlackElo "1716"]
[PlyCount "89"]
[EventDate "2015.09.27"]
[EventType "swiss"]
[EventRounds "9"]
[EventCountry "ESP"]
[SourceTitle "EXT 2024"]
[Source "ChessBase"]
[SourceDate "2023.10.10"]
[SourceVersion "1"]
[SourceVersionDate "2023.10.10"]
[SourceQuality "1"]

1. d4 e6 2. Bf4 d5 3. e3 c5 4. c3 Qb6 5. Qc2 Nc6 6. Nf3 Nf6 7. h3 Bd7 8. Nbd2 Rc8 9. Qb3 cxd4 10. Qxb6 axb6 11. exd4 Na5 12. Bd3 Nc4 13. Nxc4 dxc4 14. Bc2 b5 15. 0-0 Nd5 16. Bd2 b4 17. Rab1 Bd6 18. Rfe1 bxc3 19. bxc3 b5 20. Ne5 Bxe5 21. Rxe5 Ra8 22. Rxd5 exd5 23. Re1+ Be6 24. Bb1 0-0 25. Kf1 Ra6 26. Rc1 f6 27. Rc2 Bf5 28. Rb2 Bxb1 29. Rxb1 Rxa2 30. Bf4 Re8 31. Kg1 Ra5 32. Bc7 Ra7 33. Bb6 Rb7 34. Bc5 Re2 35. Ra1 Rb8 36. Ra6 Rd8 37. Rb6 Rb2 38. Re6 b4 39. Bxb4 Rxb4 40. cxb4 c3 41. Rc6 Rb8 42. Rxc3 Rxb4 43. Rd3 Rb1+ 44. Kh2 Kf7 45. Kg3 1/2-1/2

[Event "Tancats de l'Urgell F"]
[Site "Tarrega"]
[Date "2011.04.15"]
[Round "2.1"]
[White "Llovera Pujol, Rogeli"]
[Black "Lopez Morato, Jeronimo"]
[Result "1-0"]
[WhiteElo "1718"]
[BlackElo "1715"]
[PlyCount "61"]
[EventDate "2011.04.08"]
[EventType "tourn"]
[EventRounds "9"]
[EventCountry "ESP"]
[SourceTitle "EXT 2023"]
[Source "ChessBase"]
[SourceDate "2022.10.05"]
[SourceVersion "1"]
[SourceVersionDate "2022.10.05"]
[SourceQuality "1"]

1. d4 d5 2. e3 Nf6 3. Nf3 c5 4. dxc5 Qa5+ 5. c3 Qxc5 6. Nbd2 e6 7. h3 Bd6 8. Nb3 Qc7 9. Nbd4 a6 10. Nd2 0-0 11. Bd3 Nbd7 12. N4f3 e5 13. e4 Nc5 14. Qc2 dxe4 15. Nxe4 Nfxe4 16. Bxe4 Nxe4 17. Qxe4 Be6 18. Ng5 g6 19. Nxe6 fxe6 20. Bh6 Rf6 21. 0-0 Bc5 22. Rad1 Re8 23. Rd3 Re7 24. Bg5 Rf4 25. Bxf4 exf4 26. Kh1 g5 27. f3 Qb6 28. b4 Bd6 29. Rfd1 Bc7 30. Rd7 Rxd7 31. Rxd7 1-0

[Event "Tancats de l'Urgell F"]
[Site "Tarrega"]
[Date "2011.04.08"]
[Round "1.5"]
[White "Andres Ramon, Jaume"]
[Black "Lopez Morato, Jeronimo"]
[Result "0-1"]
[WhiteElo "1704"]
[BlackElo "1715"]
[PlyCount "84"]
[EventDate "2011.04.08"]
[EventType "tourn"]
[EventRounds "9"]
[EventCountry "ESP"]
[SourceTitle "EXT 2023"]
[Source "ChessBase"]
[SourceDate "2022.10.05"]
[SourceVersion "1"]
[SourceVersionDate "2022.10.05"]
[SourceQuality "1"]

1. e4 e5 2. Nf3 Nc6 3. Bb5 a6 4. Ba4 Nf6 5. 0-0 Nxe4 6. Qe2 b5 7. Bb3 d5 8. d3 Nc5 9. Nxe5 Nd4 10. Nc6+ Nxe2+ 11. Kh1 Qd6 12. Nb4 Nxb3 13. axb3 Qxb4 14. Bd2 Qd4 15. Re1 Qxf2 16. Nc3 Bh3 17. Rxe2+ Qxe2 18. Nxe2 Bg4 19. Nf4 c6 20. Re1+ Kd7 21. c4 d4 22. b4 c5 23. Nd5 Rb8 24. bxc5 Bxc5 25. b4 Bf8 26. Re4 Be6 27. Nf4 bxc4 28. dxc4 Bxb4 29. Rxd4+ Ke7 30. Be3 Bc5 31. Nxe6 Bxd4 32. Nxd4 Rb1+ 33. Bg1 Rc8 34. Nf5+ Kf8 35. Ne3 a5 36. Nc2 Rc1 37. Na3 Re8 38. h3 Ree1 39. Kh2 Rxg1 40. c5 f5 41. c6 f4 42. c7 Rh1# 0-1